000 00263nam a22001217a 4500
003 SGT
082 _a336.2
_bVIJ
100 _aVIJAYARAGHAVAN
245 _aK R RAMAMANI
_bREMEMBRANCE OF A TAX LEGEND
260 _aCHENNAI
_bSAPRA
300 _a575
942 _2ddc
_cBK
999 _c32320
_d32320